000
00342nam a2200145Ia 4500
003
OSt
005
20240229150818.0
008
170524s9999 xx 000 0 und d
020
_a
978-8179651360
040
_c
IIMT UNIVERSITY, MEERUT
100
_a
MAHESH RAMESH
245
0
_a
MEDIA NIRMAN
260
_b
TAKSHILA : NEW DELHI
942
_2
ddc
_c
02
999
_c
9105
_d
9105